000 00489cam a2200193ua 4500
001 10601
005 20260515114636.0
008 190320n ii |||gr||||Z||||||eng
020 _a9788126552344
040 _cMAIN
082 _a337
100 _aDominick Salvatore,
_eAuthor.
245 _aInternational economics
_btrade and finance
250 _a11th rep.
260 _aNew Delhi:
_bWiley india pvt ltd,
_c2018.
300 _a757p.
653 _aInternational economics
942 _cBK
999 _c9563
_d9563